Insurance and annuities from the buyer's point of view /

Bibliographic Details
Main Author: Harwood, E. C. (Edward Crosby), 1900-1980
Other Authors: Francis, Bion Hubbard, 1909-
Format: Book
Language:English
Published: Cambridge, Mass. : American institute for economic research, [1938]
Subjects:

MARC

Tag First Indicator Second Indicator Subfields
LEADER 00000cam a2200000 4500
001 in00000055959
005 20151008052335.0
008 800512s1938 maua 00010 eng d
035 |a (OCoLC)06308615 
035 |9 AAH2910AM 
040 |a TXA  |c TXA  |d UtOrBLW 
049 |a TXAM  |c [70492] 
090 |a HG8773  |b .H3 1938 
092 |a 368.3  |b H343i9 
100 1 |a Harwood, E. C.  |q (Edward Crosby),  |d 1900-1980. 
245 1 0 |a Insurance and annuities from the buyer's point of view /  |c by E. C. Harwood and Bion H. Francis. 
264 1 |a Cambridge, Mass. :  |b American institute for economic research,  |c [1938] 
264 4 |c [©1938] 
300 |a xiv pages, 1 ., 171 pages, 2 unnumbered pages :  |b diagrams ;  |c 21 cm. 
336 |a text  |b txt  |2 rdacontent 
337 |a unmediated  |b n  |2 rdamedia 
338 |a volume  |b nc  |2 rdacarrier 
500 |a "Ninth edition." 
650 0 |a Life insurance. 
650 0 |a Annuities. 
700 1 |a Francis, Bion Hubbard,  |d 1909- 
999 |a MARS 
999 f f |s 87f1b7fa-3235-38e2-bc0a-e9f42a85add3  |i dfcfa639-70d3-39f4-924a-c2e3073b3ce0  |t 0 
952 f f |p ric  |a Texas A&M University  |b Rellis Campus  |c Joint Library Facility  |d Remote Storage  |t 0  |e HG8773 .H3 1938  |h Library of Congress classification  |i unmediated -- volume  |m A14800816173 
998 f f |a HG8773 .H3 1938  |t 0  |l Remote Storage